| 000 | 00784nam a2200217 a 4500 | ||
|---|---|---|---|
| 001 | 000013309 | ||
| 005 | 20260303133932.0 | ||
| 008 | 091123s1995 dr 000 h spa d | ||
| 040 |
_aDO-SdBNP _bspa _cBNPHU |
||
| 082 |
_aRD867.44 _bH532q |
||
| 100 | 1 |
_aHerasme A., Rafael L., _d1960- _919947 |
|
| 245 | 1 | 0 |
_aQuino Cabo Lola y Machón Cojón / _cRafael L. Herasme A., Alfredo A. Carrasco ; prólogo Belarminio Díaz Díaz. |
| 260 |
_aSanto Domingo : _bSerigraf, _c1995. |
||
| 300 |
_a113 p. : _bil. ; _c21 cm. |
||
| 500 | _aIncluye datos biográficos de los atores en la contracubierta | ||
| 650 | 0 |
_aHumorismo dominicano _9275 |
|
| 650 | 0 |
_aLiteratura dominicana. _967 |
|
| 700 | 1 |
_aCarrasco, Alfredo A. _930505 |
|
| 700 | 1 |
_aDíaz Díaz, Belarminio, _epról. _930506 |
|
| 049 | _aBNPD | ||
| 999 |
_c12939 _d12939 |
||